skbl

Dr Suryya Kumar Bhuyan Library Web-OPAC
ডঃ সূৰ্য্য
কুমাৰ ভূঞা পুথিভঁৰাল ৱেব-অ'পেক

All Research Scholars are advised to clear the annual library fees to continue using Library Resources, Remote Access, Plagiarism Test and Library Clearance.

Cotton University Book Fair 2026

The embryology of angiosperms (Record no. 65713)

MARC details
000 -LEADER
fixed length control field 00503nam a2200181Ia 4500
001 - CONTROL NUMBER
control field 64613
008 - FIXED-LENGTH DATA ELEMENTS--GENERAL INFORMATION
fixed length control field 210412n2015 ii |||gr||||Z||||||465
020 ## - INTERNATIONAL STANDARD BOOK NUMBER
International Standard Book Number 9789325981294
082 ## - DEWEY DECIMAL CLASSIFICATION NUMBER
Classification number 582.13033
100 ## - MAIN ENTRY--PERSONAL NAME
Personal name Bhojwani, S.S.,
Relator term Author.
245 #0 - TITLE STATEMENT
Title The embryology of angiosperms
Statement of responsibility, etc. S.S. Bhojwani
Medium Textual Documents
250 ## - EDITION STATEMENT
Edition statement 6th ed.
260 ## - PUBLICATION, DISTRIBUTION, ETC.
Place of publication, distribution, etc. New Delhi
Name of publisher, distributor, etc. Vikas Publishing House Pvt. Ltd.
Date of publication, distribution, etc. 2015
300 ## - PHYSICAL DESCRIPTION
Extent viii, 376 p.:
Dimensions 20 cm.
653 ## - INDEX TERM--UNCONTROLLED
Uncontrolled term Angiosperm
653 ## - INDEX TERM--UNCONTROLLED
Uncontrolled term Flower
942 ## - ADDED ENTRY ELEMENTS (KOHA)
Source of classification or shelving scheme Dewey Decimal Classification
Koha item type Books
Holdings
Withdrawn status Lost status Damaged status Not for loan Collection Home library Current library Date acquired Source of acquisition Coded location qualifier Cost, normal purchase price Total checkouts Full call number Barcode Date last seen Copy number Price effective from Koha item type Public note
          Dr. Suryya Kumar Bhuyan Library Dr. Suryya Kumar Bhuyan Library 12/04/2021 16 00000 450.00   582.13033 Bh469E 2541/cu/bot 14/01/2024 1 12/04/2021 Books 16

Designed and Maintained by Team SKBL
©1901-2026

Powered by Koha